[Event "BEL-chT 2223"]
[Site "Belgium"]
[Date "2023.03.19"]
[Round "9.5"]
[White "Thirion, Marcel"]
[Black "De Hert, Oliver"]
[Result "1/2-1/2"]
[WhiteElo "2041"]
[BlackElo "1934"]
[PlyCount "60"]
[EventDate "2022.09.25"]
[EventType "team-tourn"]
[EventRounds "11"]
[EventCountry "BEL"]
[SourceTitle "CBM 213 Extra"]
[Source "ChessBase"]
[SourceDate "2023.05.31"]
[SourceVersion "1"]
[SourceVersionDate "2023.05.31"]
[SourceQuality "1"]
[WhiteTeam "Tal"]
[BlackTeam "Brasschaat"]
[WhiteTeamCountry "BEL"]
[BlackTeamCountry "BEL"]

1. d4 Nf6 2. c4 e6 3. Nf3 b6 4. e3 Bb7 5. Bd3 Be7 6. Nc3 d5 7. b3 Nbd7 8. Bb2 0-0 9. 0-0 c6 10. cxd5 exd5 11. Rc1 Bd6 12. e4 dxe4 13. Nxe4 Bf4 14. Rc2 Re8 15. Re1 Nxe4 16. Bxe4 Rc8 17. Rce2 Nf6 18. Bf5 Rxe2 19. Qxe2 Rb8 20. Ne5 g6 21. Bh3 Qd5 22. g3 c5 23. f3 Bxe5 24. dxe5 Re8 25. Qd1 Qxf3 26. Qxf3 Bxf3 27. Rf1 Bg4 28. Rxf6 Bxh3 29. Rd6 Be6 30. Kf2 Re7 1/2-1/2

[Event "BEL-chT 2223"]
[Site "Belgium"]
[Date "2022.11.20"]
[Round "4.6"]
[White "Thirion, Marcel"]
[Black "Roeder, Mathias"]
[Result "1/2-1/2"]
[WhiteElo "2041"]
[BlackElo "2359"]
[PlyCount "55"]
[EventDate "2022.09.25"]
[EventType "team-tourn"]
[EventRounds "11"]
[EventCountry "BEL"]
[SourceTitle "CBM 213 Extra"]
[Source "ChessBase"]
[SourceDate "2023.05.31"]
[SourceVersion "1"]
[SourceVersionDate "2023.05.31"]
[SourceQuality "1"]
[WhiteTeam "Tal"]
[BlackTeam "Wirtzfeld"]
[WhiteTeamCountry "BEL"]
[BlackTeamCountry "BEL"]

1. d4 Nf6 2. c4 e6 3. Nf3 d5 4. e3 a6 5. b3 b6 6. Bd3 Bb7 7. 0-0 Nbd7 8. Bb2 Be7 9. cxd5 exd5 10. Nc3 Bd6 11. Ne2 Qe7 12. Rc1 0-0 13. Ng3 g6 14. Qc2 Rac8 15. Qe2 b5 16. a4 c6 17. Rfe1 Rfe8 18. Nd2 h5 19. e4 dxe4 20. Ngxe4 Nxe4 21. Nxe4 Bb4 22. Bc3 Bxc3 23. Nxc3 Qxe2 24. Rxe2 Rxe2 25. Bxe2 c5 26. axb5 cxd4 27. Na2 a5 28. Rxc8+ 1/2-1/2

[Event "BEL-chT 2122"]
[Site "Belgium"]
[Date "2022.02.13"]
[Round "7.5"]
[White "Thirion, Marcel"]
[Black "Lenaerts, Lennert"]
[Result "0-1"]
[WhiteElo "2090"]
[BlackElo "2353"]
[PlyCount "108"]
[EventDate "2021.10.24"]
[EventType "team-tourn"]
[EventRounds "11"]
[EventCountry "BEL"]
[SourceTitle "EXT 2023"]
[Source "ChessBase"]
[SourceDate "2022.10.05"]
[SourceVersion "1"]
[SourceVersionDate "2022.10.05"]
[SourceQuality "1"]
[WhiteTeam "Tal"]
[BlackTeam "Liege Crelel"]
[WhiteTeamCountry "BEL"]
[BlackTeamCountry "BEL"]

1. d4 d5 2. Nf3 Nf6 3. c4 c6 4. e3 Bg4 5. Qb3 Qb6 6. Nc3 e6 7. Nh4 Be7 8. h3 Bh5 9. g4 Bg6 10. Nxg6 hxg6 11. Bg2 g5 12. Bd2 Nbd7 13. 0-0-0 a5 14. Qxb6 Nxb6 15. c5 Nbd7 16. Na4 Bd8 17. f3 Nf8 18. e4 Ng6 19. Bxg5 Nxg4 20. Bxd8 Ne3 21. Bg5 Nxg2 22. Nb6 Ra6 23. Rdg1 N2f4 24. Bxf4 Nxf4 25. Kd2 g6 26. Ke3 Nh5 27. Nc8 Kf8 28. Nd6 b5 29. cxb6 Rxb6 30. b3 Ke7 31. e5 Ra8 32. Rc1 Ng3 33. Rh2 a4 34. bxa4 Kd7 35. Rg1 Nf5+ 36. Nxf5 exf5 37. h4 Rxa4 38. h5 Ra3+ 39. Kf4 gxh5 40. Rxh5 Rb4 41. Kg5 Ke7 42. f4 Rxd4 43. Rh6 Rc4 44. Rb1 Ra7 45. Kxf5 d4 46. Rd6 c5 47. Rb2 Rd7 48. Rxd7+ Kxd7 49. Kf6 d3 50. f5 Rf4 51. a4 c4 52. Rb5 Kc6 53. e6 fxe6 54. Kxe6 d2 0-1

[Event "BEL-chT 2122"]
[Site "Belgium"]
[Date "2021.10.24"]
[Round "1.7"]
[White "Kaufeld, Juergen"]
[Black "Thirion, Marcel"]
[Result "1-0"]
[WhiteElo "2239"]
[BlackElo "2090"]
[PlyCount "59"]
[EventDate "2021.10.24"]
[EventType "team-tourn"]
[EventRounds "11"]
[EventCountry "BEL"]
[SourceTitle "EXT 2023"]
[Source "ChessBase"]
[SourceDate "2022.10.05"]
[SourceVersion "1"]
[SourceVersionDate "2022.10.05"]
[SourceQuality "1"]
[WhiteTeam "KSK47 Eynatten"]
[BlackTeam "Tal"]
[WhiteTeamCountry "BEL"]
[BlackTeamCountry "BEL"]

1. e4 c5 2. Nf3 d6 3. d4 cxd4 4. Nxd4 Nf6 5. Nc3 Nc6 6. Bg5 e6 7. Qd2 a6 8. 0-0-0 Bd7 9. f3 Be7 10. Be3 b5 11. Nxc6 Bxc6 12. Ne2 0-0 13. Nd4 Qc7 14. g4 Nd7 15. h4 Ne5 16. Kb1 Rfd8 17. Qg2 Nc4 18. Bxc4 bxc4 19. g5 Rab8 20. g6 hxg6 21. h5 Bf6 22. hxg6 fxg6 23. Qxg6 Be8 24. Qh7+ Kf7 25. Rhg1 Qc5 26. Bh6 Rxb2+ 27. Kxb2 Rb8+ 28. Kc1 Qa3+ 29. Kd2 c3+ 30. Ke3 1-0

[Event "Charleroi op"]
[Site "Charleroi"]
[Date "2018.08.04"]
[Round "9"]
[White "Kolp, Theo"]
[Black "Thirion, Marcel"]
[Result "1-0"]
[WhiteElo "1980"]
[BlackElo "2100"]
[PlyCount "123"]
[EventDate "2018.07.28"]
[EventType "swiss"]
[EventRounds "9"]
[EventCountry "BEL"]
[SourceTitle "CBM 185 Extra"]
[Source "ChessBase"]
[SourceDate "2018.07.29"]
[SourceVersion "1"]
[SourceVersionDate "2018.07.29"]
[SourceQuality "1"]

1. Nf3 Nf6 2. d4 d5 3. Bf4 e6 4. e3 c5 5. c3 b6 6. Nbd2 Be7 7. Bd3 Bb7 8. Qc2 0-0 9. 0-0 c4 10. Be2 b5 11. Ne5 Nbd7 12. Rad1 Nxe5 13. dxe5 Nd7 14. e4 Qc7 15. exd5 Bxd5 16. Nf3 Nc5 17. Qd2 Rfd8 18. Qe3 Qa5 19. a3 Na4 20. Rd2 Bc5 21. Nd4 Rac8 22. Qg3 Bf8 23. Bg5 Rd7 24. f4 Nc5 25. Qg4 Ne4 26. Rdd1 Nxg5 27. Qxg5 Bc5 28. Kh1 Qd8 29. Qg3 Rb8 30. Bg4 g6 31. f5 Rb6 32. fxe6 fxe6 33. Qf4 h5 34. Be2 Rbb7 35. Qg3 Kh7 36. Rf6 Qg8 37. h3 Be7 38. Rf2 Bd8 39. Rdf1 a6 40. Bf3 Rf7 41. Bxd5 exd5 42. e6 Rxf2 43. Rxf2 Qg7 44. Qd6 Bh4 45. Rf3 a5 46. Qxd5 b4 47. axb4 axb4 48. cxb4 Ra7 49. Rf1 Bf6 50. Nc6 Rc7 51. Qxc4 Be5 52. b3 Bd6 53. b5 Kh6 54. Qd5 Bg3 55. e7 Rxe7 56. Nxe7 Qxe7 57. Qf3 Bd6 58. Qf6 Qc7 59. Qh8+ Kg5 60. Qd4 Bg3 61. Qe3+ Kh4 62. Rc1 1-0

[Event "Charleroi op"]
[Site "Charleroi"]
[Date "2016.08.05"]
[Round "8"]
[White "Thirion, Marcel"]
[Black "Callier, Christophe"]
[Result "0-1"]
[WhiteElo "2125"]
[BlackElo "2015"]
[PlyCount "66"]
[EventDate "2016.07.30"]
[EventType "swiss"]
[EventRounds "9"]
[EventCountry "BEL"]
[SourceTitle "CBM 173 Extra"]
[Source "ChessBase"]
[SourceDate "2016.08.29"]
[SourceVersion "1"]
[SourceVersionDate "2016.08.29"]
[SourceQuality "1"]

1. d4 Nf6 2. c4 g6 3. Nc3 Bg7 4. e4 d6 5. Be2 0-0 6. Bg5 Qe8 7. Qd2 e5 8. d5 Na6 9. Bh6 Nc5 10. f3 Nh5 11. g4 Nf4 12. Bxf4 exf4 13. h4 f5 14. exf5 gxf5 15. g5 Ne4 16. fxe4 fxe4 17. 0-0-0 f3 18. Nxf3 exf3 19. Bd3 Bf5 20. Rde1 Be5 21. Bxf5 Rxf5 22. Qd3 Qg6 23. h5 Qxg5+ 24. Kb1 f2 25. Ref1 Bxc3 26. Qxc3 Qg2 27. Qd3 Raf8 28. Rh3 Rg5 29. Kc2 Qxf1 30. Qxf1 Rg1 31. Rh1 Rxh1 32. Qg2+ Kh8 33. h6 Rxh6 0-1

[Event "Charleroi TIPC op 15th"]
[Site "Charleroi"]
[Date "2016.07.31"]
[Round "2"]
[White "Thirion, Marcel"]
[Black "Paul, Bernard"]
[Result "1-0"]
[WhiteElo "2125"]
[BlackElo "1889"]
[PlyCount "113"]
[EventDate "2016.07.30"]
[EventType "swiss"]
[EventRounds "9"]
[EventCountry "BEL"]
[SourceTitle "EXT 2018"]
[Source "ChessBase"]
[SourceDate "2017.10.13"]
[SourceVersion "1"]
[SourceVersionDate "2017.10.13"]
[SourceQuality "1"]

1. d4 Nf6 2. c4 c5 3. d5 b5 4. cxb5 a6 5. bxa6 g6 6. Nc3 Bxa6 7. e4 Bxf1 8. Kxf1 d6 9. g3 Bg7 10. Kg2 0-0 11. Nf3 Nbd7 12. a4 Ne8 13. Qe2 Nc7 14. Bf4 Qb8 15. Rhb1 Qb6 16. e5 Rfe8 17. Re1 Rab8 18. Qc4 dxe5 19. Nxe5 Nxe5 20. Bxe5 Bxe5 21. Rxe5 Qd6 22. Re2 Rb4 23. Qd3 Rd4 24. Qf3 c4 25. a5 Qc5 26. a6 Rd3 27. Qe4 Rd4 28. Qe3 Nxd5 29. Nxd5 Qxd5+ 30. Qf3 Qxf3+ 31. Kxf3 e6 32. a7 Ra8 33. Re5 Rd7 34. Rea5 Kf8 35. h4 h5 36. R1a2 Ke7 37. R2a4 Rc7 38. Ke4 c3 39. bxc3 Rxc3 40. f3 Rc7 41. Kf4 Kf6 42. g4 hxg4 43. fxg4 Re7 44. h5 e5+ 45. Ke4 Kg7 46. Ra6 Kh7 47. hxg6+ fxg6 48. g5 Kg7 49. Ra2 Kh7 50. Ra1 Kg7 51. R6a2 Kg8 52. Kd5 e4 53. Kd6 Rf7 54. Kc6 Re7 55. Kb6 e3 56. Re2 Kg7 57. Ra3 1-0

[Event "BEL-ch op"]
[Site "Eupen"]
[Date "2008.07.09"]
[Round "5"]
[White "Roos, David"]
[Black "Thirion, Marcel"]
[Result "0-1"]
[WhiteElo "1675"]
[BlackElo "2198"]
[PlyCount "74"]
[EventDate "2008.07.05"]
[EventType "swiss"]
[EventRounds "9"]
[EventCountry "BEL"]
[SourceTitle "EXT 2019"]
[Source "ChessBase"]
[SourceDate "2018.10.10"]
[SourceVersion "1"]
[SourceVersionDate "2018.10.10"]
[SourceQuality "1"]

1. e4 e5 2. f4 exf4 3. Nf3 Nf6 4. Nc3 d5 5. exd5 Nxd5 6. Bc4 Nxc3 7. bxc3 Bd6 8. 0-0 0-0 9. d4 Nc6 10. Bd2 g5 11. Bd3 Bg4 12. Qe1 h6 13. Qe4 f5 14. Qd5+ Kg7 15. h3 Bh5 16. Qb5 a6 17. Qb2 g4 18. Ne5 Nxe5 19. dxe5 Bc5+ 20. Kh1 f3 21. Qxb7 Bb6 22. Qc6 f4 23. g3 Qe8 24. Qe4 Bg6 25. Qxg6+ Qxg6 26. Bxg6 Kxg6 27. Bxf4 h5 28. h4 Kf5 29. Rad1 Rad8 30. c4 Ke6 31. Kh2 Rxd1 32. Rxd1 Rf7 33. Rd8 Rd7 34. Re8+ Kf5 35. Rh8 f2 36. Rxh5+ Ke4 37. Kg2 Rd1 0-1

[Event "BEL-ch op"]
[Site "Namur"]
[Date "2007.07.05"]
[Round "6.4"]
[White "Hamblok, Roel"]
[Black "Thirion, Marcel"]
[Result "0-1"]
[WhiteElo "2020"]
[BlackElo "2182"]
[PlyCount "60"]
[EventDate "2007.06.30"]
[EventType "swiss"]
[EventRounds "9"]
[EventCountry "BEL"]
[SourceTitle "CBM 119 Extra"]
[Source "ChessBase"]
[SourceDate "2007.09.04"]
[SourceVersion "1"]
[SourceVersionDate "2007.09.04"]
[SourceQuality "1"]

1. e4 e5 2. Nf3 Nc6 3. d4 exd4 4. Bc4 Bc5 5. c3 Nf6 6. e5 d5 7. Bb5 Ne4 8. cxd4 Bb4+ 9. Bd2 Nxd2 10. Nbxd2 Bd7 11. Bxc6 Bxc6 12. 0-0 0-0 13. a3 Be7 14. Qc2 a5 15. b3 Bb5 16. Rfc1 c6 17. Nf1 Qb6 18. Ne3 g6 19. h4 Qa6 20. Ra2 a4 21. b4 Bd3 22. Qd2 f5 23. Ne1 Bb5 24. g3 f4 25. N3g2 fxg3 26. fxg3 Rf1+ 27. Kh2 Raf8 28. Qe3 Qa8 29. Rcc2 Qc8 30. Rf2 Qh3+ 0-1

[Event "BEL-ch op"]
[Site "Namur"]
[Date "2007.07.03"]
[Round "4.8"]
[White "Thirion, Marcel"]
[Black "Gijsen, Stief"]
[Result "1-0"]
[WhiteElo "2182"]
[BlackElo "2011"]
[PlyCount "145"]
[EventDate "2007.06.30"]
[EventType "swiss"]
[EventRounds "9"]
[EventCountry "BEL"]
[SourceTitle "CBM 119 Extra"]
[Source "ChessBase"]
[SourceDate "2007.09.04"]
[SourceVersion "1"]
[SourceVersionDate "2007.09.04"]
[SourceQuality "1"]

1. e4 c5 2. Nf3 d6 3. d4 cxd4 4. Nxd4 Nf6 5. Nc3 a6 6. Be2 e5 7. Nb3 Be7 8. 0-0 Be6 9. f4 Qc7 10. a4 0-0 11. Kh1 Rd8 12. Nd5 Bxd5 13. exd5 Nbd7 14. c4 Ne4 15. Bd3 Nec5 16. Nxc5 Qxc5 17. Ra3 Bf6 18. Be3 Qc7 19. fxe5 Nxe5 20. Bd4 Qe7 21. Bb1 g6 22. Re3 Bg7 23. b3 Re8 24. Rfe1 Qd7 25. a5 h5 26. h3 Qc7 27. Bb6 Qe7 28. Ba2 Bh6 29. R3e2 Bf4 30. Rf1 Qg5 31. Qd4 Bg3 32. b4 Ng4 33. Qd3 Rxe2 34. Qxe2 Kf8 35. Qf3 Ne5 36. Qf6 Qxf6 37. Rxf6 Ke7 38. Rf1 Rc8 39. c5 Nd7 40. c6 bxc6 41. dxc6 Ne5 42. Bd5 Nxc6 43. Rxf7+ Ke8 44. Rh7 Ne7 45. Rh8+ Kd7 46. Rxc8 Kxc8 47. Bc4 Kb7 48. b5 axb5 49. Bxb5 Nc6 50. Bd3 Ne5 51. Be4+ Ka6 52. Bc7 h4 53. Kg1 Nc4 54. Bxg6 d5 55. Bxg3 hxg3 56. h4 Ne5 57. h5 d4 58. Kf1 Kxa5 59. Be8 Ng4 60. Ke2 Kb4 61. Bg6 Kc3 62. Kf3 d3 63. Bxd3 Ne5+ 64. Kxg3 Kxd3 65. Kf4 Nf7 66. g4 Kd4 67. g5 Kd5 68. Kf5 Nd6+ 69. Kg6 Ke6 70. h6 Nf7 71. h7 Nh8+ 72. Kg7 Nf7 73. g6 1-0

[Event "Cannes op"]
[Site "Cannes"]
[Date "2007.02.20"]
[Round "3"]
[White "Astengo, Corrado"]
[Black "Thirion, Marcel"]
[Result "1/2-1/2"]
[WhiteElo "2117"]
[BlackElo "2171"]
[PlyCount "73"]
[EventDate "2007.02.18"]
[EventType "swiss"]
[EventRounds "9"]
[EventCountry "FRA"]
[SourceTitle "CBM 116 Extra"]
[Source "ChessBase"]
[SourceDate "2007.03.07"]
[SourceVersion "1"]
[SourceVersionDate "2007.03.07"]
[SourceQuality "1"]

1. e4 e5 2. Nf3 Nc6 3. Bb5 Bc5 4. 0-0 Nd4 5. Nxd4 Bxd4 6. c3 Bb6 7. d4 c6 8. Bc4 d6 9. dxe5 dxe5 10. Qxd8+ Bxd8 11. Be3 Nf6 12. f3 Nd7 13. Nd2 Bb6 14. Bxb6 axb6 15. Bb3 Ke7 16. Rfd1 b5 17. Kf2 Nc5 18. Bc2 Be6 19. a3 Rhd8 20. Ke3 Na4 21. Rab1 b6 22. Bd3 Nc5 23. Bc2 Nb7 24. b3 Kd6 25. Kd3 c5 26. Ke3 f5 27. g3 fxe4 28. fxe4 h6 29. h4 b4 30. axb4 cxb4 31. cxb4 Bc4 32. b5 Bf7 33. g4 Bd5 34. b4 Bc6 35. Kd3 Bd5 36. Nb3 Bc6 37. Ke3+ 1/2-1/2

[Event "Cannes op"]
[Site "Cannes"]
[Date "2007.02.19"]
[Round "2"]
[White "Thirion, Marcel"]
[Black "Libens, Michel"]
[Result "1/2-1/2"]
[WhiteElo "2171"]
[BlackElo "2104"]
[PlyCount "66"]
[EventDate "2007.02.18"]
[EventType "swiss"]
[EventRounds "9"]
[EventCountry "FRA"]
[SourceTitle "CBM 116 Extra"]
[Source "ChessBase"]
[SourceDate "2007.03.07"]
[SourceVersion "1"]
[SourceVersionDate "2007.03.07"]
[SourceQuality "1"]

1. e4 c5 2. Nf3 d6 3. d4 cxd4 4. Nxd4 Nf6 5. Nc3 Nc6 6. Bg5 e6 7. Qd2 Be7 8. 0-0-0 a6 9. f3 Bd7 10. h4 Qc7 11. Kb1 0-0-0 12. h5 Kb8 13. h6 g6 14. Nb3 Bc8 15. Qf4 Nh5 16. Qh4 f6 17. Be3 f5 18. Qf2 Rdf8 19. exf5 exf5 20. Nd5 Qd7 21. Na5 Bd8 22. Nc4 f4 23. Ncb6 Qf7 24. Bd4 Nxd4 25. Qxd4 Ng3 26. Nxc8 Kxc8 27. Bc4 Kb8 28. Rhe1 g5 29. Nc3 Qf6 30. Qxd6+ Bc7 31. Qxf6 Rxf6 32. Nd5 Rc6 33. Bb3 Bd8 1/2-1/2

[Event "BEL-chT 0203"]
[Site "Belgium"]
[Date "2003.02.23"]
[Round "9.2"]
[White "Thirion, Marcel"]
[Black "Kohlweyer, Bernd"]
[Result "0-1"]
[WhiteElo "2187"]
[BlackElo "2450"]
[PlyCount "58"]
[EventDate "2002.10.06"]
[EventType "team"]
[EventRounds "11"]
[EventCountry "BEL"]
[SourceTitle "EXT 2004"]
[Source "ChessBase"]
[SourceDate "2003.11.25"]
[SourceVersion "1"]
[SourceVersionDate "2003.11.25"]
[SourceQuality "1"]
[WhiteTeam "Eupen Rochade"]
[BlackTeam "Jean Jaures"]
[WhiteTeamCountry "BEL"]
[BlackTeamCountry "BEL"]

1. e4 c5 2. Nf3 d6 3. d4 cxd4 4. Nxd4 Nf6 5. Nc3 a6 6. f3 e6 7. Be3 b5 8. Qd2 Nbd7 9. 0-0-0 Bb7 10. g4 Rc8 11. g5 Nh5 12. Bd3 g6 13. Nce2 d5 14. Ng3 Nxg3 15. hxg3 Ne5 16. Kb1 Bg7 17. Rh4 dxe4 18. Bxe4 Bxe4 19. Rxe4 Nc4 20. Qe2 Nxe3 21. Qxe3 0-0 22. Rh1 Rc4 23. c3 b4 24. Qe2 Qd5 25. Nf5 Qxf5 26. Qxc4 bxc3 27. bxc3 Qxf3 28. Rc1 Qxg3 29. Qc5 Qd3+ 0-1

[Event "BEL-chT 0102"]
[Site "Belgium"]
[Date "2001.12.23"]
[Round "5"]
[White "Ahn, Martin"]
[Black "Thirion, Marcel"]
[Result "1/2-1/2"]
[WhiteElo "2340"]
[BlackElo "2200"]
[PlyCount "23"]
[EventDate "2001.10.14"]
[EventType "team"]
[EventRounds "11"]
[EventCountry "BEL"]
[SourceTitle "EXT 2003"]
[Source "ChessBase"]
[SourceDate "2002.11.25"]
[SourceVersion "1"]
[SourceVersionDate "2002.11.25"]
[SourceQuality "1"]

1. e4 e5 2. Nf3 Nc6 3. Bb5 Nf6 4. 0-0 Bc5 5. c3 0-0 6. d4 Bb6 7. Re1 d6 8. h3 Bd7 9. Na3 a6 10. Ba4 Re8 11. Bc2 h6 12. Nc4 1/2-1/2

[Event "BEL-chT 0102"]
[Site "Belgium"]
[Date "2001.10.14"]
[Round "1"]
[White "Thirion, Marcel"]
[Black "Szelag, Marcin"]
[Result "1/2-1/2"]
[WhiteElo "2200"]
[BlackElo "2401"]
[PlyCount "77"]
[EventDate "2001.10.14"]
[EventType "team"]
[EventRounds "11"]
[EventCountry "BEL"]
[SourceTitle "EXT 2003"]
[Source "ChessBase"]
[SourceDate "2002.11.25"]
[SourceVersion "1"]
[SourceVersionDate "2002.11.25"]
[SourceQuality "1"]

1. e4 c5 2. Nf3 d6 3. d4 cxd4 4. Nxd4 Nf6 5. Nc3 a6 6. Be2 e5 7. Nb3 Be7 8. Be3 Be6 9. Nd5 Nxd5 10. exd5 Bf5 11. 0-0 0-0 12. a4 Nd7 13. a5 Rc8 14. c4 Bg6 15. Qd2 f5 16. f4 Bf6 17. Ra2 Qe8 18. Re1 Rf7 19. Bf1 Re7 20. Raa1 Bf7 21. Qb4 exf4 22. Bxf4 Ne5 23. Nd4 Qd7 24. Nf3 Bh5 25. Nxe5 dxe5 26. Bd2 e4 27. Bc3 Bxc3 28. Qxc3 f4 29. c5 Qf5 30. Rac1 f3 31. Rc2 Rf8 32. gxf3 Bxf3 33. d6 Re5 34. Bg2 Re6 35. Qc4 Kh8 36. Bxf3 exf3 37. Rxe6 f2+ 38. Rxf2 Qxf2+ 39. Kh1 1/2-1/2

[Event "BEL-chT 0001"]
[Site "Belgium"]
[Date "2000.10.15"]
[Round "1"]
[White "Vanheirzeele, Daniel"]
[Black "Thirion, Marcel"]
[Result "1/2-1/2"]
[WhiteElo "2215"]
[BlackElo "2200"]
[PlyCount "55"]
[EventDate "2000.11.18"]
[EventType "team"]
[EventRounds "13"]
[EventCountry "BEL"]
[SourceTitle "CBM 081 Extra"]
[Source "ChessBase"]
[SourceDate "2001.05.06"]
[SourceVersion "1"]
[SourceVersionDate "2001.05.06"]
[SourceQuality "1"]

1. d4 Nf6 2. c4 e6 3. g3 Bb4+ 4. Bd2 Be7 5. Nf3 b6 6. Bg2 Bb7 7. Nc3 Ne4 8. d5 Nxd2 9. Qxd2 0-0 10. 0-0 Bb4 11. a3 Bxc3 12. Qxc3 exd5 13. Nh4 d4 14. Qxd4 Bxg2 15. Nxg2 Nc6 16. Qc3 Re8 17. Ne3 Qg5 18. Rad1 d6 19. Nd5 Rac8 20. Rd2 Qh5 21. b4 a5 22. f3 Qe5 23. Rc1 Kf8 24. Qd3 Kg8 25. Kg2 axb4 26. axb4 Ne7 27. e4 f5 28. Re2 1/2-1/2

[Event "Eupen op rapid"]
[Site "Eupen"]
[Date "2000.04.15"]
[Round "3"]
[White "Thirion, Marcel"]
[Black "Cvitan, Ognjen"]
[Result "0-1"]
[WhiteElo "2221"]
[BlackElo "2489"]
[PlyCount "70"]
[EventDate "2000.04.??"]
[EventType "swiss (rapid)"]
[EventRounds "7"]
[EventCountry "BEL"]
[SourceTitle "EXT 2006"]
[Source "ChessBase"]
[SourceDate "2005.11.24"]
[SourceVersion "1"]
[SourceVersionDate "2005.11.24"]
[SourceQuality "1"]

1. d4 Nf6 2. c4 g6 3. Nc3 Bg7 4. e4 d6 5. Nf3 0-0 6. Be2 e5 7. 0-0 Nc6 8. d5 Ne7 9. Nd2 Nd7 10. Rb1 f5 11. b4 Nf6 12. f3 f4 13. c5 g5 14. Nc4 Ng6 15. cxd6 cxd6 16. Nb5 Ne8 17. Kh1 Rf7 18. Bd2 Bf8 19. Be1 Bd7 20. Na5 Nf6 21. Bf2 g4 22. Rc1 Bxb5 23. Bxb5 g3 24. hxg3 Nh5 25. gxf4 exf4 26. Qe1 Qg5 27. Kh2 Qh6 28. Kg1 Bg7 29. g4 fxg3 30. Bxg3 Bd4+ 31. Bf2 Qg5+ 32. Kh2 Be5+ 33. Kh1 Nhf4 34. Rg1 Qh5+ 35. Bh4 Qxf3+ 0-1